000 00351 a2200169 4500
001 188129
020 _a85-08-10638-6
040 _cMagnum
100 _aLajolo, Marisa
240 1 0 _aDestino em aberto
_lpor
245 1 0 _aDestino em aberto
300 _a166
362 0 _a2006
440 1 _aÁtica
697 _aLITERATURA JUVENIL
942 _cBK
999 _c188129
_d188129